FIG Publication No. 45 (Record no. 110790)

MARC details
000 -LEADER
fixed length control field 01350cad a22002535a 4500
001 - CONTROL NUMBER
control field L150203
008 - FIXED-LENGTH DATA ELEMENTS--GENERAL INFORMATION
fixed length control field 100611s2010 xxk f 000 0 eng d
035 ## - SYSTEM CONTROL NUMBER
System control number (Sirsi) u150203
041 0# - LANGUAGE CODE
Language code of text/sound track or separate title eng
100 1# - MAIN ENTRY--PERSONAL NAME
Personal name Enemark, Stig
111 2# - MAIN ENTRY--MEETING NAME
Meeting name or jurisdiction name as entry element FIG / World Bank Conference Washington DC, USA
Date of meeting or treaty signing 9 - 10 March 2009
245 00 - TITLE STATEMENT
Title FIG Publication No. 45
Remainder of title Land governance in support of the Millennium Development Goals, a new agenda for land professionals
Medium [electronic resource]
260 ## - PUBLICATION, DISTRIBUTION, ETC.
Place of publication, distribution, etc. Copenhagen
Name of publisher, distributor, etc. International Federation of Surveyors
Date of publication, distribution, etc. 2010
505 2# - FORMATTED CONTENTS NOTE
Formatted contents note Foreword -- Executive Summary -- Declaration -- Conference Profile -- Land Governance -- Conference Highlights & the Way Forward -- Appendices
520 ## - SUMMARY, ETC.
Summary, etc. Joint FIG-World Bank Conference on "Land Governance in Support of the Millennium Development Goals" held at the World Bank Headquarters in Washington DC , 9-10 March 2009. Includes a report identifying the highlights of the conference, the ways forward, and also a concluding declaration.
521 ## - TARGET AUDIENCE NOTE
Target audience note Advanced
590 ## - LOCAL NOTE (RLIN)
Local note KA
651 #4 - SUBJECT ADDED ENTRY--GEOGRAPHIC NAME
Geographic name International
690 ## - LOCAL SUBJECT ADDED ENTRY--TOPICAL TERM (OCLC, RLIN)
Topical term or geographic name as entry element ENVIRONMENT AND LAND CONSULTANCY-PLANNING AND DEVELOPMENT
700 1# - ADDED ENTRY--PERSONAL NAME
Personal name McLaren, Robin
700 1# - ADDED ENTRY--PERSONAL NAME
Personal name Van der Molen, Paul
856 40 - ELECTRONIC LOCATION AND ACCESS
Uniform Resource Identifier <a href="https://www.fig.net/pub/figpub/pub45/figpub45.pdf">https://www.fig.net/pub/figpub/pub45/figpub45.pdf</a>
Public note View the conference papers free of charge at www.fig.net
942 ## - ADDED ENTRY ELEMENTS (KOHA)
Suppress in OPAC 0
Holdings
Withdrawn status Lost status Source of classification or shelving scheme Damaged status Not for loan Home library Current library Shelving location Date acquired Total Checkouts Full call number Barcode Date last seen Copy number Price effective from Koha item type
    Dewey Decimal Classification     Virtual Virtual Online 11/06/2010   ONLINE PUBLICATION 150203-2001 06/08/2019 1 06/08/2019 Book